zpět

Detail výsledku týmu

Koruna, Břeclav

Datum a čas kvízu

33.5 Celkem bodů Celkový počet nahraných bodů na tomto kvízu bez doplňovacích otázek.
7. Pořadí na kvízu Konečné umístění týmu na tomto kvízu.

Zaznamenané odpovědi

# Otázka Odpověď Body Výsledky
1. Jak jistě víte, minulý týden s... 1
2. Ponorka, která byla nalezena p... 1
3. Tři ženy v galerii mezinárodní... 1
4. Řada čínských e-shopů stáhla z... 0
5. Jak se nazývá země, jejíž repr... 0
6. Nedávno jsme zde probírali tém... 0
5. Kterým českým výrazem je pojme... 1
5. Ledviny slouží k odstranění ne... 1
5. V tenkém střevu dochází ke kon... 1
5. Která z těchto částí trávicí s... 1